Science Quiz

Random Science Quiz

Lab final practice Quiz Stats

 Plays Quiz not verified by Sporcle

Challenge
Share
Tweet
Embed
Score 0/169 Timer 20:00
0 Plays Today
Hint Answer % Correct
BABY'S BREATH
100%
SCENTLESS CHAMOMILE
100%
SPOTTED KNAPWEED
100%
ST. JOHN'S WORT
100%
YELLOW TOADFLAX
100%
OX-EYE DAISY
100%
DAME'S ROCKET
100%
DALMATIAN TOADFLAX
100%
100%
100%
100%
100%
100%
100%
CANADA THISTLE
87.5%
Noxious/ProhibitedNoxious
87.5%
Life SpanPerennial
87.5%
Life SpanPerennial
87.5%
Life SpanBiennial
87.5%
Life SpanPerennial
87.5%
Life SpanPerennial
87.5%
Life SpanPerennial
87.5%
Life SpanPerennial
87.5%
Life SpanBiennial
87.5%
Life SpanPerennial
87.5%
Life SpanPerennial
87.5%
Life SpanPerennial
87.5%
Noxious/ProhibitedNoxious
87.5%
Noxious/ProhibitedNoxious
87.5%
Noxious/ProhibitedProhibited
87.5%
Noxious/ProhibitedProhibited
87.5%
Noxious/ProhibitedNoxious
87.5%
Noxious/ProhibitedNoxious
87.5%
Noxious/ProhibitedNoxious
87.5%
Noxious/ProhibitedNoxious
87.5%
Noxious/ProhibitedNoxious
87.5%
Noxious/ProhibitedProhibited
87.5%
BLUE GRAMA
87.5%
BLUEWEED
87.5%
COMMON TANSY
87.5%
DIFFUSE KNAPWEED
87.5%
PURPLE LOOSTRIFE
87.5%
87.5%
Noxious/ProhibitedNoxious
87.5%
87.5%
87.5%
87.5%
87.5%
87.5%
Life SpanPerennial
75%
Life SpanBiennial
75%
Life SpanPerennial
75%
Life SpanBiennial
75%
Life SpanBiennial
75%
Life SpanAnnual
75%
Life SpanPerennial
75%
OriginNative
75%
Hint Answer % Correct
OriginNative
75%
Noxious/ProhibitedNoxious
75%
Noxious/ProhibitedNoxious
75%
Noxious/ProhibitedNoxious
75%
Noxious/ProhibitedNoxious
75%
Noxious/ProhibitedProhibited
75%
Noxious/ProhibitedProhibited
75%
Forage ValueGood
75%
HOUND'S TONGUE
75%
LEAFY SPURGE
75%
COMMON MULLEIN
75%
COMMON BURDOCK
75%
YELLOW STAR THISTLE
75%
Grazing ResponseIncreaser
75%
Grazing ResponseIncreaser
75%
Forage ValueGood
75%
75%
ROUGH FESCUE
75%
OriginNative
75%
OriginNative
75%
OriginNative
75%
OriginNative
75%
OriginNative
75%
OriginNative
75%
Grazing ResponseDecreaser
75%
Grazing ResponseIncreaser
75%
Grazing ResponseInvader
75%
Grazing ResponseIncreaser
75%
Grazing ResponseIncreaser
75%
Grazing ResponseIncreaser
75%
Forage ValueGood
75%
Forage ValueGood
75%
Forage ValuePoor
75%
Forage ValueFair
75%
Forage ValueGood
75%
75%
75%
75%
75%
75%
WESTERN WHEATGRASS
62.5%
62.5%
OriginIntroduced
62.5%
OriginNative
62.5%
Grazing ResponseInvader
62.5%
Forage ValueFair
62.5%
Forage ValueGood
62.5%
SANDGRASS
50%
PRAIRIE MUHLY
50%
OriginNative
50%
OriginIntroduced
50%
OriginNative
50%
OriginIntroduced
50%
OriginIntroduced
50%
OriginNative
50%
OriginNative
50%
OriginIntroduced
50%
Hint Answer % Correct
OriginIntroduced
50%
OriginIntroduced
50%
OriginNative
50%
OriginNative
50%
OriginIntroduced
50%
OriginNative
50%
Grazing ResponseIncreaser
50%
Grazing ResponseDecreaser
50%
Grazing ResponseInvader
50%
Grazing ResponseIncreaser
50%
Grazing ResponseInvader
50%
Grazing ResponseInvader
50%
Grazing ResponseDecreaser
50%
Grazing ResponseIncreaser
50%
Grazing ResponseInvader
50%
Grazing ResponseInvader
50%
Grazing ResponseInvader
50%
Grazing ResponseInvader
50%
Grazing ResponseIncreaser
50%
Grazing ResponseInvader
50%
Grazing ResponseIncreaser
50%
Forage ValueGood
50%
Forage ValueGood
50%
Forage ValueGood
50%
Forage ValueGood
50%
Forage ValuePoor
50%
Forage ValueGood
50%
Forage ValueGood
50%
Forage ValueGood
50%
Forage ValueGood
50%
Forage ValueGood
50%
Forage ValueGood
50%
Forage ValuePoor
50%
Forage ValueGood
50%
Forage ValueGood
50%
Forage ValueGood
50%
LOW SEDGE
37.5%
FOXTAIL BARLEY
37.5%
REED CANARY GRASS
37.5%
RUSSIAN WILD RYE
37.5%
NEEDLE AND THREAD
37.5%
GREEN NEEDLE
37.5%
CRESTED WHEAT
37.5%
IDAHO FESCUE
37.5%
CHEAT GRASS
37.5%
TIMOTHY
37.5%
NORTHERN WHEAT
37.5%
THREADLEAF SEDGE
37.5%
SMOOTH BROME
37.5%
QUCKGRASS
37.5%
RED THREE AWN
37.5%
JUNEGRASS
37.5%
KENTUCKY BLUE
37.5%
PARRY OAT GRASS
37.5%
ORCHARD GRASS
25%

You're not logged in!

Compare scores with friends on all Sporcle quizzes.
Join for Free
OR
Log In

You Might Also Like...

Show Comments

Extras

Created Dec 1, 2016ReportFavoriteNominate
Tags:final, lab, practice

Top Quizzes Today


Score Distribution

Your Account Isn't Verified!

In order to create a playlist on Sporcle, you need to verify the email address you used during registration. Go to your Sporcle Settings to finish the process.

Report this User

Report this user for behavior that violates our Community Guidelines.

Details: